Psicologia (Registo nº 6703)

Detalhes MARC
000 -Etiqueta do registo
Valores 00556nam a22001931i 4500
090 ## -
-- 6703
010 ## - Número ISBN
ISBN 5010012753
100 ## - Dados gerais de processamento
Dados gerais 20170304u u u0frey50 ba
101 0# - Língua de publicação
-- por
200 1# - Titulo e menção de responsabilidade
Título próprio Psicologia
215 ## - Descrição física 
Paginação / Volumes 475, [5] p.
Outras indicações físicas il., p./b.
Dimensões 20 cm
210 ## - Publicação
Nome do editor Progresso
Local de publicação Moscovo
Data de publicação cop. 1989
225 2# - Colecção 
Título próprio da colecção Académica
300 ## - Notas gerais 
Texto da nota Exemplar nÇ 0007288 em depósito / caixa 334
410 #0 -
-- Académica
702 #1 - Autor secundário (pessoa individual)
Apelido Asryants
Nome K.
-- 730
996 ## - ISO2709
-- 0007288
-- PSI
-- 00000000
-- 00000000
-- BMVA
-- 1
-- Depósito
-- Psicologia
-- 25
-- Livro
-- 0
-- 1
990 ## - Elementos KOHA
Tipo de documento Livro
995 ## - Localização e informação dos exemplares
-- 25
Exemplares
Situação do levantamento Estado Biblioteca de origem Biblioteca de empréstimo Localização na Estante Código de barras Cota Permissão de empréstimo Tipo de documento
  Completo Biblioteca Municipal de Viana Do Alentejo Biblioteca Municipal de Viana Do Alentejo   0009653 PSI Disponível Livro




Powered by Koha